| 000 | 00692nam 22002533 4500 | ||
|---|---|---|---|
| 001 | 199262 | ||
| 011 | _doferta | ||
| 021 | _aPT | ||
| 090 | _a199262 | ||
| 100 | _a20251126d u||y0pory50 ba | ||
| 101 | _apor | ||
| 102 | _aPT | ||
| 200 |
_aLegislação Portugueza _eanno de 1869 _fDiário do Governo |
||
| 210 |
_aLisboa _cImprensa Nacional _d1870 |
||
| 215 |
_aXXIII, 996 p. _cbrochado _d31 cm |
||
| 225 | _aCollecção Official | ||
| 606 |
_97813 _aDireito |
||
| 610 | _aLegislação -- [Periódicos] | ||
| 675 |
_a340.13 _vPT _zpor |
||
| 675 |
_a050 _vPT _zpor |
||
| 710 |
_915155 _aPortugal.Diário do Governo |
||
| 801 |
_aPT _bBMMN _gRPC |
||
| 830 |
_d26/11/2025 _g26/11/2025 |
||
| 990 | _cPERIODICOS | ||